Text Book Of Information Science/ (Record no. 63111)

MARC details
000 -LEADER
fixed length control field 00652nam a22001577a 4500
005 - DATE AND TIME OF LATEST TRANSACTION
control field 2012021600430.0
020 ## - INTERNATIONAL STANDARD BOOK NUMBER
International Standard Book Number 8176481637
Terms of availability 000.00
035 ## - SYSTEM CONTROL NUMBER
System control number A-991558
037 ## - SOURCE OF ACQUISITION
Stock number DPL
Source of stock number/acquisition ENG
100 ## - MAIN ENTRY--PERSONAL NAME
Personal name Kawatra,P.S.
245 ## - TITLE STATEMENT
Title Text Book Of Information Science/
Statement of responsibility, etc by P.S.Kawatra
260 ## - PUBLICATION, DISTRIBUTION, ETC. (IMPRINT)
Place of publication, distribution, etc New Delhi
Name of publisher, distributor, etc A.P.H Publishing
Date of publication, distribution, etc 2000
300 ## - PHYSICAL DESCRIPTION
Extent viii,323p.
Dimensions 22 cms.
942 ## - ADDED ENTRY ELEMENTS (KOHA)
Source of classification or shelving scheme Dewey Decimal Classification
Item type English Books
Classification part 020
Call number suffix KAW
Holdings
Withdrawn status Lost status Not for loan Collection code Home library Current library Date acquired Cost, normal purchase price Full call number Barcode Koha item type
      Non-fiction Sarojini Nagar Sarojini Nagar 17/02/2012 0.00 020 KAW A-991558 English Books

© Delhi Public Library
Hit Counter
free hit counter